Fuels and lubricating oils for internal-combustion engines, (Record no. 548503)
[ view plain ]
| 000 -LEADER | |
|---|---|
| fixed length control field | 00530cam a22001571 4500 |
| 082 ## - DEWEY DECIMAL CLASSIFICATION NUMBER | |
| Classification number | 665.55 |
| Author Mark | PUG |
| -- | L-17, P-2 |
| 100 1# - MAIN ENTRY--PERSONAL NAME | |
| Personal name | Pugh, B. |
| 9 (RLIN) | 44838 |
| 245 00 - TITLE STATEMENT | |
| Title | Fuels and lubricating oils for internal-combustion engines, |
| Statement of responsibility, etc. | by B. Pugh and J.M.A. Court. |
| 260 ## - PUBLICATION, DISTRIBUTION, ETC. | |
| Place of publication, distribution, etc. | London, |
| Name of publisher, distributor, etc. | I. Pitman, |
| Date of publication, distribution, etc. | 1949. |
| 300 ## - PHYSICAL DESCRIPTION | |
| Extent | ix, 168 p. |
| Other physical details | diagrs. |
| Dimensions | 19 cm. |
| 526 ## - STUDY PROGRAM INFORMATION NOTE | |
| Program name | 0 |
| Interest level | 0 |
| Reading level | 0 |
| Title point value | 665_550000000000000_PUG |
| 650 #0 - SUBJECT ADDED ENTRY--TOPICAL TERM | |
| Topical term or geographic name entry element | Lubrication and lubricants. |
| 9 (RLIN) | 41091 |
| 650 #0 - SUBJECT ADDED ENTRY--TOPICAL TERM | |
| Topical term or geographic name entry element | Motor fuels. |
| 9 (RLIN) | 6052 |
| 700 1# - ADDED ENTRY--PERSONAL NAME | |
| Personal name | Court, Jack Milson Alfred, |
| 9 (RLIN) | 44839 |
| 942 ## - ADDED ENTRY ELEMENTS (KOHA) | |
| Source of classification or shelving scheme | |
| Koha item type | Book |
| Withdrawn status | Lost status | Source of classification or shelving scheme | Damaged status | Not for loan | Permanent Location | Current Location | Date acquired | Total Checkouts | Full call number | Barcode | Date last seen | Price effective from | Koha item type |
|---|---|---|---|---|---|---|---|---|---|---|---|---|---|
| Military College of Engineering (MCE) | Military College of Engineering (MCE) | 08/28/2014 | 665.55 PUG | MCE-40848 | 08/28/2014 | 08/28/2014 | Book |
